Statistiques concernant Avengers Endgame : Tous les Héros présents lors de la bataille finale

Cliquez ici pour prendre le quiz!

Statistiques générales

  • Ce quiz a été pris 319 fois
  • Le résultat moyen est 20 sur 30

Statistiques - réponses

Réponse% Correct
Iron Man
99%
Hulk
96%
Thor
96%
Captain America
95%
Spider Man
95%
Ant-Man
88%
Black Panther
88%
Groot
85%
Gamora (2014)
80%
Captain Marvel
78%
Hawkeye
77%
Star-Lord
77%
Doctor Strange
76%
La Guêpe
75%
Drax
74%
Nebula
68%
Scarlet Witch
63%
Bucky Barnes
60%
Mantis
58%
War Machine
57%
Falcon
53%
Valkyrie
53%
Wong
51%
Shuri
47%
Rocket Racoon
43%
Okoye
41%
Pepper Potts
40%
M'Baku
24%
Korg et Miek
18%
Howard le canard
11%

Distribution des résultats

Percentile par nombre de réponses

% des personnes avec chaque résultat

Votre développement - résultats

Vous n’avez pas pris ce quiz